[Event "CZE-ch"]
[Site "Zlin"]
[Date "1997.??.??"]
[Round "10"]
[White "Velicka, Petr"]
[Black "Jansa, Vlastimil"]
[Result "1-0"]
[WhiteElo "2405"]
[BlackElo "2490"]
[Annotator "Atlas,V"]
[PlyCount "57"]
[EventDate "1997.06.12"]
[EventType "tourn"]
[EventRounds "11"]
[EventCountry "CZE"]
[EventCategory "10"]
[SourceTitle "CBM 061"]
[Source "ChessBase"]
[SourceDate "1997.11.23"]
[SourceVersion "1"]
[SourceVersionDate "1997.11.23"]
[SourceQuality "1"]

1. e4 c5 2. Nf3 e6 3. d4 cxd4 4. Nxd4 Nc6 5. Nc3 a6 6. g3 d6 7. Bg2 Qc7 8. O-O
Nf6 9. Nxc6 $5 {More common is 9.Be3 or 9.a4, but White's choice is also an
interesting option.} bxc6 10. Na4 Bb7 {The disadvantage of the knight exchange
on move 9 is that now Black can develop his bishop at the big diagonal. When
the black bishop is already placed on d7, White usually gets a slight, but
durable advantage, if Black takes on c6 with the pawn.} 11. c4 c5 12. Re1 (12.
Nc3 Be7 13. Qd3 O-O 14. f4 Rad8 15. b3 Nd7 16. g4 Rfe8 17. g5 Bf8 18. Bb2 g6
19. Rad1 Qa5 20. Qh3 Qc7 21. Rd3 Bg7 22. f5 Ne5 23. Rg3 Bc8 24. Qh4 Bf8 25. Rh3
h6 26. gxh6 Kh7 {Kuzmin,G-Poluljahov,A/Yalta op 1995/EXP 47/1-0 (58)}) 12...
Nd7 ({A standard continuation is} 12... Be7 13. b3 O-O 14. Bb2 Bc6 15. e5 dxe5
16. Bxe5 Qb7 17. Bxc6 Qxc6 18. Qe2 Rfd8 19. Bc3 Ra7 20. Rad1 Rad7 21. Rxd7 Rxd7
22. Nb2 Qb7 23. f4 h6 24. Qg2 Qxg2+ 25. Kxg2 Ng4 26. Re2 h5 27. h3 {
Malisauskas,V-Labuckas,A/LTU-ch Vilnius 1994/EXT 94ch/1-0 (54)}) 13. b3 Be7 14.
Bb2 O-O 15. Qd2 Bc6 16. Rad1 $1 Rfd8 ({After} 16... Bxa4 {White can reply with
efficient} 17. e5 $1 Nxe5 18. Bxe5 (18. Bxa8 $2 Nxc4) 18... dxe5 19. Bxa8 Rxa8
20. bxa4) 17. Nc3 Nf8 {It seems not the best place for the knight. 17...Rb8
was a better choice.} 18. Ne2 (18. h4 {is met now by} Bf6) 18... a5 19. h4 a4
20. Nf4 axb3 $2 ({Black does not feel the danger. Essential was} 20... Ng6) 21.
Bxg7 $3 {[%csl Rg7][%cal Gf4h5,Yd2g5,Gb2g7] Excellent sacrifice, yielding
White a decisive attack} Kxg7 (21... Rxa2 {does not help in view of} 22. Qe3)
22. Nh5+ Kg6 $1 (22... Kg8 {loses immediately after} 23. Qh6) 23. Qf4 $1 {
[%csl Rh5][%cal Gf4f7,Gf7h5] Threatening 23.Qg4+ Kh6 24.Qg7+ Kh5 25.Bf3#.} Kxh5
24. Qxf7+ Kh6 25. g4 $1 {White is two pieces down, but his attack is
irresistible.} Ra7 26. g5+ Bxg5 27. hxg5+ Kxg5 28. f4+ Kg4 ({Or} 28... Kh6 29.
Qf6+ Ng6 30. Re3 {followed by 31.Rh3#.}) 29. Bh3+ $1 {[%csl Rg4,Rh3][%cal
Gf7h5,Ge1e3] A final accord. Black resigned in view of mate in three moves. A
spectacular game!} 1-0

[Event "London"]
[Site "London"]
[Date "1997.10.23"]
[Round "8"]
[White "McShane, Luke J"]
[Black "Rowson, Jonathan"]
[Result "0-1"]
[WhiteElo "2455"]
[BlackElo "2490"]
[Annotator "Atlas,V"]
[PlyCount "70"]
[EventDate "1997.10.18"]
[EventType "tourn"]
[EventRounds "9"]
[EventCountry "ENG"]
[EventCategory "10"]
[SourceTitle "CBM 062"]
[Source "ChessBase"]
[SourceDate "1998.01.31"]
[SourceVersion "1"]
[SourceVersionDate "1998.01.31"]
[SourceQuality "1"]

1. e4 c5 2. Nf3 d6 3. d4 Nf6 4. Nc3 cxd4 5. Nxd4 Nc6 6. Be3 e6 7. f3 Be7 8. Qd2
O-O 9. O-O-O a6 10. g4 Nxd4 11. Bxd4 b5 12. h4 Bb7 13. g5 Nd7 14. Kb1 Rc8 15.
Qg2 $6 ({This move allows Black to seize the initiative. The most popular
alternatives are:} 15. Rg1 Ne5 16. Qf2 Nc4 17. Bxc4 Rxc4 18. h5 Qc7 19. g6 fxg6
20. hxg6 h6 21. Rh1 Bf6 22. Bxf6 Rxf6 23. Qg3 b4 24. Na4 d5 25. e5 Rf5 26. Rhe1
Rcf4 27. Re3 d4 28. Red3 Qxe5 29. b3 Bxf3 30. Rxd4 Rxd4 {0-1 Ryan,J-Milu,R/
Manila olm 1992/TD 92\02}) (15. g6 fxg6 (15... b4 16. gxh7+ Kh8 17. Nd5 exd5
18. Bxg7+ Kxg7 19. Rg1+ Kxh7 20. Bh3 Ne5 21. Bf5+ Ng6 22. h5 Kg7 23. hxg6 Rg8
24. gxf7+ Kxf7 25. Qh6 Bf6 26. Qh5+ Kf8 27. Rxg8+ Kxg8 28. Be6+ {1-0 Socko,
B-Maciejewski,M/POL-ch 1997/CBM 59/[Baburin]}) 16. Bh3 e5 17. Be3 Rxf3 18. Bg4
Rf8 19. h5 gxh5 20. Rxh5 Nf6 21. Be6+ Kh8 22. Bxc8 Qxc8 23. Bg5 Nxh5 24. Bxe7
Re8 25. Qxd6 Nf4 26. Bh4 Ng6 27. Bg5 Kg8 28. Rg1 Qe6 29. Qd2 Nh8 {Socko,
B-Rowson,J/WchJM U20 1997/EXP 59/1/2-1/2 (74)}) 15... b4 16. Ne2 Qc7 17. Nc1
Ne5 $1 18. f4 ({Black's main threat becomes evident in the line} 18. h5 Nxf3 $1
19. Qxf3 $140 Qxc2+ 20. Ka1 Qxc1+ 21. Rxc1 Rxc1# {The vulnerability of the c2
pawn and the last rank is a crucial factor on which Black founds his strategy
in this game.}) ({After} 18. Bxe5 dxe5 {Black has a superior position.}) 18...
Ng6 19. Be3 d5 20. Qf2 dxe4 21. h5 Nxf4 $1 ({It is much stronger than} 21...
Nh8 22. Rg1) 22. Bxf4 (22. Qxf4 {is certainly impossible in view of} Qxc2+)
22... e3 23. Qh2 (23. Bxc7 $2 {is hopeless in view of} exf2) 23... e2 $1 {
[%csl Rc2,Rd1,Rf1,Rh1][%cal Gc8c2,Gc7h2,Ge2d1,Ge2f1,Gb7h1] This elegant pawn
move makes things clear. Black obtains a large advantage. White has now the
only move.} 24. Bxe2 ({Everything else loses:} 24. Bxc7 exd1=Q $19) (24. Qxe2
Qxf4 $19) (24. Rd2 Bxh1 $19) 24... Qxc2+ 25. Ka1 Bxh1 26. Qxh1 (26. Rxh1 {
is strongly met by} Bd6 $1 {Black is now threatening by 28...Qc1+. White has
the only defense} 27. b3 ({all other continuations lose immediately:} 27. Bxd6
Qxc1+ 28. Rxc1 Rxc1#) (27. Nd3 Bxf4 28. Nxf4 $140 Qc1+ 29. Rxc1 Rxc1#) (27. Qf2
Be5 $1 28. Nd3 Bxf4 $19) {Now the main diagonal is seriously weakened and
Black has dangerous threats, although it is not easy to suggest the convincing
way to convert his advantage:} 27... Qc3+ (27... Qxc1+ $2 28. Rxc1 Rxc1+ 29.
Kb2 Rfc8 30. Bc4 $18) (27... Bc5 $5 28. Be5 Be3) 28. Kb1 e5 29. Bg3 Qc2+ 30.
Ka1 Qd2 31. Bc4 Qxg5 $15) 26... Qf5 27. Nd3 (27. Qh4 {fails to} h6) (27. Rf1 {
falls short after} Bxg5 28. Bd6 $140 $2 Qxf1 $19) 27... Rfd8 28. Qb7 Bxg5 29.
Bc7 (29. Bxg5 {does not solve the problem:} Qxg5 30. Rf1 (30. Qxb4 Rc2 $17)
30... Rf8 31. Qxb4 Rc2 $36 (31... Qe3 $5 32. Qg4)) 29... Qd5 30. Qb6 (30. Qxd5
Rxd5 {is hopeless for White.}) 30... Rd7 31. Bg3 (31. Be5 $2 {loses
immediately after} Qxe5 32. Nxe5 $140 Rxd1+ 33. Bxd1 Rc1#) 31... Qg2 32. Bf2 (
32. Qf2 {admits a simple refutation:} Qxf2 33. Bxf2 Rc2 34. Bf1 Rxd3 $19) 32...
Qe4 33. Re1 (33. Qxa6 {does not help because of} Ra8 34. Nc5 Rxd1+ 35. Bxd1 Qd5
$19) (33. Bf1 {loses after} Rxd3 34. Bxd3 Qxd3 $19) 33... Rxd3 34. Bxd3 Qxd3
35. Qxb4 Qd2 0-1

[Event "CZE-ch"]
[Site "Zlin"]
[Date "1997.??.??"]
[Round "2"]
[White "Jansa, Vlastimil"]
[Black "Babula, Vlastimil"]
[Result "1/2-1/2"]
[WhiteElo "2490"]
[BlackElo "2535"]
[Annotator "Atlas,V"]
[PlyCount "134"]
[EventDate "1997.06.12"]
[EventType "tourn"]
[EventRounds "11"]
[EventCountry "CZE"]
[EventCategory "10"]
[SourceTitle "CBM 061"]
[Source "ChessBase"]
[SourceDate "1997.11.23"]
[SourceVersion "1"]
[SourceVersionDate "1997.11.23"]
[SourceQuality "1"]

1. e4 c5 2. Nf3 Nc6 3. d4 cxd4 4. Nxd4 Nf6 5. Nc3 d6 6. g3 e6 7. Bg2 Bd7 8. O-O
Be7 9. Be3 O-O 10. Qe2 a6 11. Nxc6 ({The main continuation.} 11. a4 Qc7 12. f4
(12. Kh1 Rac8 13. f4 Nxd4 14. Bxd4 e5 15. Bg1 Qc4 16. Qe1 {1/2-1/2 Gdanski,
J-Rytshagov,M/Excelsior Cup Goteborg 1997/CBM 57}) 12... Nxd4 13. Bxd4 e5 14.
Be3 Be6 15. Nd5 Bxd5 16. exd5 Rac8 17. c3 exf4 18. Rxf4 Nd7 19. Bh3 Bg5 20.
Bxd7 Bxf4 21. Bxc8 {1/2-1/2 Spassky,B-Tal,M/Montpellier ct 1985/CAND}) 11...
Bxc6 12. a4 Qa5 (12... Qc7 13. a5 Nd7 {is a possible set-up.}) 13. Rfb1 ({
The popular alternatives are:} 13. Qd2 Kh8 14. h3 Rac8 15. Rfd1 Qh5 16. g4 Qg6
17. Qd3 Nd7 18. Nd5 Bxd5 19. exd5 f5 20. dxe6 Ne5 21. gxf5 Rxf5 22. Qe4 Nf3+
23. Kh1 Nh4 24. Qg4 Nxg2 25. Qxg6 hxg6 26. Kxg2 Re5 27. c3 Rxe6 28. Bf4 Kg8 29.
Rd4 Re2 30. Rb4 Rc7 31. Rd1 Rd7 32. Kf3 Rc2 33. Rd5 Kf7 34. Be3 Ke6 35. Ke4 Re2
36. Rd1 d5+ 37. Kd3 {1/2-1/2 Watson,W-Bologan,V/BL9394 1994/BL 90}) (13. Rfd1
Rfd8 14. Bd4 e5 15. Be3 h6 16. Qc4 Rdc8 17. Qb3 Qd8 18. a5 Bd7 19. Na4 Be6 20.
Qd3 Nd7 21. b3 Rc6 22. Qe2 Qc7 23. c4 Nc5 24. Nb6 Rxb6 25. axb6 Qxb6 26. Rdb1
Qc6 27. b4 Nd7 28. Rc1 Qc7 29. f4 Nf6 30. f5 Bd7 31. g4 Bc6 32. Bf2 b6 33. h4
a5 34. g5 hxg5 35. hxg5 Nh7 36. g6 Nf6 37. gxf7+ Kxf7 38. bxa5 bxa5 39. c5 dxc5
40. Qc4+ Kf8 41. Bxc5 Bb7 42. Bf2 Qd7 43. Bf3 Qd2 44. Bc5 {1/2-1/2 Kuzmin,
G-Kochyev,A/URS-FL Baku 1977/MCL 05}) 13... Rfc8 14. h3 h6 15. Bd4 e5 $5 {
White was threatening 16.Qe3 /\Bb6. The text move weakens the d5-square, , but
allows Black to obtain a counterplay.} 16. Be3 Bd7 17. Qd2 Be6 18. Nd5 {
The critical continuation.} Qxd2 19. Nxe7+ Kf8 20. Ng6+ (20. Bxd2 Rxc2 {
does not seem dangerous for Black.}) 20... fxg6 21. Bxd2 Rxc2 22. Bc3 {[%csl
Rc2][%cal Gg2f3,Gf3d1] Threatening Bg2-f3-d1.} d5 {AllowsWhite to regain the
pawn, but saves the rook.} 23. exd5 Bxd5 24. Bxd5 Nxd5 25. Bxe5 Nf6 26. Rc1 {
White is slightly better due to superiority of his bishop over the black
kinght.} Rac8 27. Bc3 Rxc1+ 28. Rxc1 Kf7 (28... Nd5 $4 {loses after} 29. Bxg7+)
29. Rd1 b5 ({Loses a pawn. More prudent was} 29... Ke6) 30. Bxf6 (30. Rd6 Ne4
$1 31. Rd7+ Ke6 32. Rxg7 Nxc3 33. bxc3 Kf6 34. Ra7 bxa4 35. Rxa6+ Kf7 36. Rxa4
Rxc3 {leads to draw.}) 30... gxf6 31. axb5 axb5 32. Rd5 Rc2 33. Rxb5 g5 34. Kg2
h5 35. Kf3 Kg6 36. Rb4 Kh6 37. Ke3 Kg6 38. Rb8 Kf5 39. Rb5+ Kg6 40. Kf3 Kh6 41.
Ke3 Kg6 42. Rb8 Kf7 43. b4 h4 44. gxh4 gxh4 45. f3 Rc4 46. b5 Rb4 47. Kd3 Ke7
48. b6 Ke6 49. Kc3 Rb1 50. Kc4 Kd6 51. f4 Kc6 52. Rf8 Rh1 53. Rxf6+ Kb7 54. Kc5
Rxh3 55. Rf7+ Kc8 56. Rh7 Rh1 57. Kc6 Rc1+ 58. Kd6 Rh1 59. f5 h3 60. Kc6 Rc1+
61. Kd6 Rh1 62. Rc7+ Kb8 63. Rc2 h2 64. Kc6 Kc8 65. f6 Rf1 66. Rxh2 Rxf6+ 67.
Kb5 Rf1 1/2-1/2

[Event "EU-Cup 19th"]
[Site "Rethymno"]
[Date "2003.10.04"]
[Round "7.3"]
[White "Adams, Michael"]
[Black "Avrukh, Boris"]
[Result "1/2-1/2"]
[WhiteElo "2719"]
[BlackElo "2557"]
[Annotator "Avrukh,B"]
[PlyCount "82"]
[EventDate "2003.09.28"]
[EventType "team-swiss"]
[EventRounds "7"]
[EventCountry "GRE"]
[SourceTitle "CBM 098"]
[Source "ChessBase"]
[SourceDate "2004.02.03"]
[SourceVersion "1"]
[SourceVersionDate "2004.02.03"]
[SourceQuality "1"]
[WhiteTeam "Paris NAO"]
[BlackTeam "Beer Sheva"]
[WhiteTeamCountry "FRA"]
[BlackTeamCountry "ISR"]

1. e4 c5 2. Nf3 d6 3. d4 cxd4 4. Nxd4 Nf6 5. Nc3 a6 {This was a tough choice
for me,as i'm relatively unexperienced in Najdorf,whereas i decided not to
play my favourite lines,Sveshnikov and Rauzer.} 6. Be3 e6 7. Qf3 $5 {Recently
Mickey's main weapon against 6..e6} Nbd7 8. Be2 h5 $5 {An interesting attempt
to exploit immediately the nuances of the position.This sharp reaction
prevents white from following up with the standard g4 -g5 with good attacking
chances.Of course this move has a clear drawbacks too,as right now it's very
unclear where my king will castle in future.} 9. Bg5 Qa5 {Following Kasparov's
play} ({Also interesting} 9... Qc7 {[%cal Gb7b5]} 10. a4 Qc5 11. Qe3 g6 12. Qd2
b6 13. f4 Bb7 14. Bf3 O-O-O 15. Ra3 e5 16. Nde2 {1/2-1/2 Rizouk,A-Najer,E/
Linares ESP 2003/The Week in Chess 435 (16)}) 10. Bd2 (10. h4 Ne5 11. Qe3 b5
$13 {[%cal Gb5b4]}) 10... Qb6 11. Nb3 Qc7 12. a4 (12. O-O b5 {[%cal Gc8b7,
Gb5b4] leads to comfortable play for black}) 12... b6 13. Bg5 Bb7 14. Rd1 (14.
O-O $143 d5 $1 {and black has no problems}) 14... Be7 (14... d5 $140 $6 15.
exd5 Nxd5 16. Nxd5 Bxd5 17. Rxd5 $1 exd5 18. Qxd5 Ra7 19. O-O $36) 15. Qe3 (15.
O-O $5 Ne5 $1 (15... d5 $143 $2 16. exd5 Nxd5 17. Nxd5 Bxd5 18. Rxd5 exd5 19.
Qxd5 $16 {[%cal Gg5e7]}) 16. Qe3 (16. Qf4 h4 $1 $132) 16... Nfg4 $1 17. Bxg4
Nxg4 18. Qd2 Bxg5 (18... d5 $6 19. Bf4 e5 20. Nxd5 Bxd5 21. exd5 exf4 22. d6
$16) (18... f6 19. Bf4 Ne5 20. Nd4 {[%csl Ge6]} Kf7 $13) 19. Qxg5 d5 {[%csl
Gh2]} 20. f4 $5 (20. g3 $143 dxe4 21. Qxg7 Qe5 22. Qxe5 Nxe5 $15) 20... Ne3 (
20... O-O 21. exd5 Ne3 22. f5 {leads to 20..Ne3}) 21. exd5 Nxd1 (21... O-O $140
$2 22. f5 $1 Nxf1 23. f6 Qxh2+ 24. Kxf1 g6 25. Rd4 $1 $18 {[%cal Gg5h6]}) 22.
Rxd1 f6 (22... exd5 $5) 23. Qg6+ Qf7 $15) 15... Nc5 16. Nd2 Rd8 $1 17. O-O O-O
$5 $146 {This novelty i found during the game over the board ,as i had no idea,
that we were still following Adams-Kasparov game .Black's idea to play d6-d5
is so unpleasant for white,that he has no time to attack black h-pawn,using
this fact black obtains a very nice play.} (17... Ng4 18. Bxg4 hxg4 19. Bxe7 d5
{[%csl Gh2]} 20. Qg3 Qxg3 21. fxg3 Kxe7 22. exd5 exd5 23. Rde1+ Kf8 24. b4 Ne4
25. Ncxe4 dxe4 26. Nc4 Rh5 27. Nxb6 Rd6 28. Nc4 Rd4 29. Ne3 Rxb4 $11 {1/2-1/2
Adams,M-Kasparov,G/Linares 2002/CBM 88 (34)}) 18. Rfe1 ({White could win a
pawn after:} 18. b4 Ncd7 19. Bxh5 {but black has a very rich play,due to white
weaknesses on the queenside} d5 ({During the game i had planned:} 19... Rfe8 $5
20. Bf3 d5 (20... Ng4 $5 21. Bxg4 Bxg5 22. Qxg5 Qxc3 $11 {[%csl Gb4,Gc2]}) 21.
exd5 Bxb4 $1 (21... exd5 $143 22. Bf4 Bd6 23. Bxd6 Qxd6 24. Qd4 $16) 22. Nce4
$1 {otherwise white is clearly worse} exd5 23. Bxf6 Nxf6 (23... gxf6 24. Nxf6+
$1 Nxf6 25. Qg5+ $36) 24. Nxf6+ gxf6 25. Qd4 Bd6 26. Qg4+ Kf8 $15 {[%csl Gc2]})
20. exd5 exd5 (20... Bxb4 21. dxe6 fxe6 22. Qxe6+ Kh8 23. Na2 $1 $16 Bxd2 $140
24. Rxd2 Nxh5 25. Qh3 $18 {[%cal Gf1d1]}) 21. Bf4 $1 (21. Qxe7 $2 Rde8 22. Bxf6
Rxe7 23. Bxe7 Re8 $17 {[%csl Gc3,Ge7]}) 21... Bd6 (21... Qc8 22. Qxe7 Nxh5 23.
Ne2 $14) 22. Bxd6 Qxd6 23. Bf3 Qxb4 24. Rb1 Qd6 $11) 18... d5 $1 19. exd5 exd5
20. Bf4 (20. Bxa6 $2 Ng4 $19) ({The principled answer was:} 20. Bxh5 Rfe8 {
[%cal Gd5d4,Ge7d6]} ({Not enough:} 20... d4 $2 21. Qxe7 Qxe7 22. Rxe7 dxc3 23.
Bxf6 $16 {with clear advantage}) 21. Bxf6 Bxf6 22. Qxe8+ Rxe8 23. Rxe8+ Kh7 {
Formally white has extra pawn,but black's activity more than compensates it.
White should fight for the equality.} 24. Nb3 (24. Nf3 Qd7 $1 $17 {[%csl Rh5]
[%cal Gg7g6]}) (24. Rde1 g6 (24... Bxc3 $2 25. bxc3 Ne4 26. Nxe4 dxe4 27. Re3
$16 {[%cal Gh5e2,Ge3h3]}) 25. Bf3 (25. Bg4 $2 Qf4) 25... Bxc3 26. bxc3 Ne6 27.
c4 Bc6 28. R8xe6 fxe6 29. Rxe6 Qd7 $1 $17) 24... Ne6 $1 (24... Nxb3 25. cxb3 d4
26. Ne4 Bxe4 27. Rxe4 Qc2 28. Be2 $1 $14) (24... Ne4 25. Nxe4 dxe4) 25. Bg4
$140 d4 26. Bf5+ (26. Bxe6 dxc3 27. Bf5+ g6 28. Rd7 cxb2 29. Re1 Qe5 $1 $19)
26... g6 27. Ne4 gxf5 28. Nxf6+ Kg6 $1 $19) 20... Bd6 21. Bxd6 Rxd6 22. Qg3
Rfd8 23. Bf1 h4 $1 (23... d4 $143 $6 24. Nc4 R6d7 25. Qxc7 Rxc7 26. Nxb6 (26.
b3 Ne6) 26... Ne6 27. Nb1 $1 Rxc2 28. Nc4 $16 {[%cal Gb1a3]}) 24. Qxh4 (24. Qf4
h3 $1 $40) 24... d4 25. Ncb1 Nxa4 26. Nc4 Rd5 27. b3 b5 (27... Nc5 28. Qg3 $1
Qxg3 29. hxg3 b5 30. Na5 Ba8 31. f3 $11) 28. bxa4 bxc4 29. Nd2 d3 (29... Rc5
30. Qg3 Qxg3 31. hxg3 Bc6 32. Bxc4 Bxa4 33. Bb3 $11) 30. cxd3 cxd3 {In first
sight black has a clear advantage in this position,but in fact things are not
that simple. In the game white manged to create a counterplay,which appeared
to be enough for equality.} 31. Rc1 Qd7 {[%cal Gd5d4]} (31... Qa5 32. Nb3 Qb6
33. Rb1 {[%csl Gb6]} Qd6 34. Re3 Ba8 35. Rd1 $132 {[%csl Gd3]}) 32. Qb4 Rd4 (
32... a5 33. Qb6 $132) 33. Rc4 Nd5 (33... Bc6 34. Rec1 $1 Bxa4 $140 $2 35. Rxd4
Qxd4 36. Rc4 $18 {[%cal Gb4a4]}) 34. Qc5 Rxc4 (34... Nf4 $142 35. Re7 $8 (35.
Rxd4 $140 Qxd4 36. Re8+ $2 Rxe8 37. Qxd4 Ne2+) 35... Qg4 36. Rxd4 Nh3+ 37. Kh1
Nxf2+ 38. Kg1 Nh3+ $11) 35. Qxc4 Nb6 (35... a5 $143 36. Qxd3 Qxa4 37. Re4 $1
$36 {[%cal Ge4h4,Ge4d4]}) 36. Qb4 (36. Qh4 $5 {[%cal Ge1e7]} Nd5 $1 37. Bxd3
Nf6 38. Re3 Qg4 39. Bh7+ $1 Kf8 40. Qxg4 Nxg4 41. Rd3 Rc8 42. Bf5 Rc1+ 43. Nf1
Ne5 44. Rd2 g6 $44) 36... Nd5 $138 37. Qd4 Nf6 38. Qb6 (38. Qxd7 Rxd7 39. Re3
Rd4 40. Rxd3 Rxa4 41. f3 $11) 38... Bc6 39. Qxa6 Bxa4 40. h3 Bc2 41. Qc4 Rc8 {
Certainly black is slightly better,due to very strong d-pawn, but his
advantage is unsufficient for something serious.White should hold the position
quite easily.} 1/2-1/2

[Event "POL-ch 54th"]
[Site "Sopot"]
[Date "1997.??.??"]
[Round "14"]
[White "Socko, Bartosz"]
[Black "Maciejewski, Miroslaw"]
[Result "1-0"]
[WhiteElo "2435"]
[BlackElo "2355"]
[Annotator "Baburin,A"]
[PlyCount "55"]
[EventDate "1997.03.18"]
[EventType "tourn"]
[EventRounds "15"]
[EventCountry "POL"]
[EventCategory "9"]
[SourceTitle "CBM 059"]
[Source "ChessBase"]
[SourceDate "1997.08.01"]
[SourceVersion "1"]
[SourceVersionDate "1997.08.01"]
[SourceQuality "1"]

1. e4 c5 2. Nf3 d6 3. d4 cxd4 4. Nxd4 Nf6 5. Nc3 a6 6. Be3 e6 7. f3 Be7 8. Qd2
Nc6 9. g4 O-O 10. O-O-O Nxd4 11. Bxd4 b5 12. h4 Bb7 ({Black avoided
obstructing the b-file and preferred} 12... Rb8 {in the game Smirin-Van Wely,
Wijk 1994. In that game Black did well after} 13. Kb1 Nd7 14. g5 b4 15. Ne2 Qc7
16. h5 Ne5 17. Ng1 Nc4 18. Bxc4 Qxc4) 13. g5 Nd7 14. Kb1 Rc8 15. g6 ({The text
looks much more energetic than} 15. Rg1 {which was employed in the game
Ryan-Milu, Manila ol 1992, which continued:} Ne5 16. Qf2 Nc4 17. Bxc4 Rxc4 18.
h5 Qc7 19. g6 fxg6 20. hxg6 h6 21. Rh1 Bf6 22. Bxf6 Rxf6 23. Qg3 b4 24. Na4 d5
25. e5 Rf5 26. Rhe1 Rcf4 27. Re3 d4 28. Red3 Qxe5 29. b3 Bxf3 30. Rxd4 Rxd4 {
0-1}) 15... b4 $2 ({It is easy to recommend} 15... fxg6 {knowing what happened
in the game. However, the text looks promising and obviously it was hard for
Black to foresee that it would be so dangerous to play it.}) 16. gxh7+ Kh8 {
[#] Black's idea is rather standard - he wants to keep the h7-pawn as a
shelter for his king.} 17. Nd5 $3 {Here this is a real sacrifice, as White
will be playing a piece down for a good while and there is no immediate win
for White. However, the attack, which he gets, more than compensates for the
material deficit. As we will see, one of the ideas of this standard for the
Sicilian Defence sacrifice here is to open the h3-c8 diagonal for the bishop.}
({The quiet approach -} 17. Ne2 {- was possible too, but would have given
Black reasonably good play after} Ne5 18. Rg1 Qc7) 17... exd5 18. Bxg7+ $1 Kxg7
19. Rg1+ Kxh7 $2 ({Black had to play} 19... Kh8 {although leaving the h7-pawn
alive is dangerous as well: after} 20. Qh6 {White threatens to play something
like Bh3 followed by Rg8+ Rxg8, hxg8Q++ Kxg8, Rg1+ winning. Therefore Black is
forced to give one piece back by playing} Bg5 {After} 21. Rxg5 Qf6 22. Qh5 {
White maintains a strong attack, for example:} Ne5 23. Bh3 Nc4 24. e5 Nxe5 25.
Bxc8 Rxc8 26. Rdg1) 20. Bh3 $18 Ne5 (20... f5 {isn't a remedy either: after}
21. Qf4 {White's attack succeeds, for example:} ({but not} 21. Qg2 $2 Rg8 22.
Bxf5+ Kh8 23. Qd2 Bf8 24. Rxg8+ Kxg8 25. Rg1+) 21... Qe8 22. Bxf5+ Rxf5 23.
Qxf5+ Kh8 24. Rg6 Nf8 25. Rh6+ Kg7 26. Qf4 $18) 21. Bf5+ Ng6 22. h5 Kg7 23.
hxg6 Rg8 24. gxf7+ Kxf7 25. Qh6 Bf6 26. Qh5+ Kf8 27. Rxg8+ Kxg8 28. Be6+ 1-0